00457 a2200157 4500001000700000020000600007040001100013100002500024240004600049245004100095362000900136697002600145942000700171952010200178999001900280171645 a  cMagnum aTocafundo, Ana Luzia10aUma aventura que virou uma boa licaolpor10aUma aventura que virou uma boa licao0 a1899 aIJ/AVENTURA, CRIANCAS cBK 00104070a32.5b32.5d2024-06-08l0oLI.00582pMAG00017003r2024-06-08 20:44:11w2024-06-08yBK c171645d171645